Languages A-Z - Statistics

General Stats
  • This quiz has been taken 88 times
  • The average score is 18 of 26
Answer Stats
Letter Hint Language % Correct
D Language of the Netherlands Dutch
100%
S El lenguaje de España, México y Ecuador Spanish
96%
A African language, descended from 'D' Afrikaans
92%
J ドラゴン means 'dragon' in this language Japanese
92%
G Καλημέρα, or Kaliméra is one way of greeting someone in this language Greek
89%
L Tempus fugit, ita carpe diem! Latin
89%
I 'Eldfjall' means 'volcano' in this language Icelandic
88%
Y This historic language of Ashkenazi Jews Yiddish
88%
K This language is also known as 'Cambodian' Khmer
86%
Z Another South African language, spoken by 24% of the population Zulu
86%
M Polynesian language of New Zealand & Cook Islands Māori
84%
R Romance language of the Balkans Romanian
83%
N 'Mønster' means 'pattern' in this language Norwegian
82%
P Main language of São Tomé & Príncipe Portuguese
82%
U 'Україна' is where this language is spoken Ukrainian
75%
T 'Dushanbe' is 'Monday' in this language Tajik
71%
E The most widely spoken constructed language in the world Esperanto
68%
X South African language with click consonants Xhosa
63%
Q Language of the Incan Empire Quechua
57%
O Language of southern France & Catalonia Occitan
43%
H Major language of Niger & Nigeria Hausa
41%
C Language of Phillipines which many native speakers actually call Bisaya Cebuano
38%
W 'Pili Pala' means 'butterfly' in this language Welsh
26%
B 'Lehendakari' means 'president' in this language Basque
18%
F Principal Bantu language of Gabon Fang
13%
V Johann Martin Schleyer dreamt that God told him to construct this language Volapük
12%
No matching quizzes found
Score Distribution
Percent of People with Each Score
Percentile by Number Answered
Your Score History
You have not taken this quiz